| 000 | 00535nam a2200193Ia 4500 | ||
|---|---|---|---|
| 005 | 20250508150857.0 | ||
| 008 | 008 250505s9999 xx 000 0 eng d | ||
| 037 | _aTextual | ||
| 040 |
_aFEDL _beng _cFEDL |
||
| 041 |
_aeng _2eng |
||
| 084 |
_a301, MAN _qFEDL |
||
| 100 | _aMannheim Karl | ||
| 245 | 0 | _aFreedom, power and democratic planning | |
| 260 |
_aLondon, UK _bRoutledge and Kegan Paul Limited _c1951 |
||
| 300 | _axxiv,384p. | ||
| 650 | _aSociology | ||
| 942 |
_cTEXL _h301, MAN |
||
| 999 |
_c1326270 _d1326270 |
||